00474nam a2200145Ia 4500008004100000022001400041245005200055260002100107856004300128942000800171942000900179952008200188999001700270945004100287240731s9999 xx 000 0 und d a1476-9689 0aJournal of Multilingual Communication Disorders bTaylor & Francis uhttps://www.tandfonline.com/loi/ijmc20 2ddc cTFEJ 001040708TFEJaUCSCbDLcTFEJd2024-07-31l0r2024-07-31w2024-07-31yTFEJ c77979d77979 a1bMadushi Gamagec1dMadushi Gamage